| 000 | 01020cab a22001935a 4500 | ||
|---|---|---|---|
| 001 | L154465 | ||
| 008 | 131211e2011 xxk 000 0 eng d | ||
| 035 | _a(Sirsi) u154465 | ||
| 041 | 0 | _aeng | |
| 110 | 2 |
_aProperty Week _91549 |
|
| 245 | 0 | 0 | _aChristmas crunchtime for retail sector |
| 260 | _c2011 | ||
| 490 | 0 |
_aProperty Week _v77(49) 9 December 2011, 34(1) |
|
| 520 | _aCushman & Wakefield's latest UK property investment market briefing posted a one basis point rise in average prime yields to 5.73% in November following a four basis point increase in October. Demand remains strong in 'favoured areas' such as London's West End, prime retail warehousing and industrial markets. Retail is highly polarised. More activity in 2012 is expected as secondary yields adjust to more interesting levels. Table of prime property comparative yields 2007-November 2011. | ||
| 590 | _aKA | ||
| 651 | 4 |
_aUnited Kingdom _y |
|
| 690 | _aPROPERTY-COMMERCIAL PROPERTY-COMMERCIAL PROPERTY FINANCE AND INVESTMENT | ||
| 942 | _n0 | ||
| 999 |
_c83633 _d83633 |
||